000 01267nam a2200361 a 4500
003 BLK
005 20240705094711.0
008 180412b bul|||||r ||||||| ||bul||
010 _aKNG00003428000
040 _aBLK
041 _aBUL
_cBUL
080 _aАмериканска литература (на САЩ)
_b821.111(73)
_x-312.9
_z821.111(73)-312.9
100 _aКрайтън, Майкъл
_d1942 - 2008
_9241669
139 _aКрайтън, Майкъл
_bК 88
245 1 0 _aСфера
_bФантаст. роман
_cМайкъл Крайтън; прев. Юлиян Стойнов.
257 _aUSA
260 _aСофия
_bБард
_c1994
300 _a416 с.
_c20 см
380 _aX
490 _aИзбрана световна фантастика
_v12
_9201186
500 _aОриг. загл. Sphere / Michael Crichton. - 2 000 тир.
653 _aфантастика
653 _aромани
700 1 _aСтойнов, Юлиян
_eпрев.
_9363374
852 _aЦб 176407
_bЦб
856 4 _qpdf
_u
_i0.00
_ldisable
856 4 _qpdf
_u
_i0.00
_ldisable
942 _cKNG
_n0
_01
_s1
944 _aCR
_c15.01.2003
_k30560
_lГеновева Генчева
944 _aED
_c16.05.2005
999 _c2437
_d2437
999 _d2437
999 _d2437